000 01336cam a2200265 4500
001 WS125638
008 040329n 000 0 eng u
035 _a(Sirsi) u125638
245 _aLand Information New Zealand
520 _aWeb site for this New Zealand government body responsible for providing authoritative land and seabed information which makes sure that the rating valuation system is fair and consistent and overseas the buying and disposal of crown land. Includes links to NZTopo Online, the internet version of the New Zealand Topographical Database, a search engine of place names, details of crown property , access to rating valuation rules and details of New Zealand's survey system. Includes pages aimed to property owners, contractors and accredited suppliers, conveyancers and other property professionals, researchers and historians and surveyors.
650 _aLAND TITLES
650 _aCADASTRAL SURVEYS
650 _aGEODETIC SURVEYING
650 _aTOPOGRAPHY
650 _aHYDROGRAPHY
_96245
650 _aGOVERNMENT
650 _aNEW ZEALAND
650 _aPLACE NAMES
650 _aCROWN PROPERTY
650 _aSURVEYORS
650 _aCONVEYANCERS
690 _aGeomatics
_96242
856 4 0 _uhttps://www.linz.govt.nz
_zView the website free of charge at www.linz.govt.nz...
942 _n0
999 _c120425
_d120425